00400 a2200157 450000500170000001000130001702000260003003500130005603700090006908200060007810000210008424500570010526000360016227000230019830000210022120240529121307.0 aB-759240 a9789354711657c295.00 aB-759240 bGift aS aElliott, Rebecca aUnicorn Diaries Bo and the Merboby/cRebecca Elliott aNew YorkbScholastic Inc.c2022 aNew YorkbNew York a74 p.c19 cm(Pb)